Statistics for 2022 World Cup Squads

Click here to take the quiz!

General Stats

  • This quiz has been taken 433 times
  • The average score is 224 of 830

Answer Stats

CountryPlayerPositionClub% Correct
PortugalJosé SáGK Wolverhampton Wanderers
95%
QatarRó-RóDF Al-Sadd
93%
South KoreaCho Yu-minDF Daejeon Hana Citizen
89%
EnglandHarry KaneFW Tottenham Hotspur
88%
ArgentinaLionel MessiFW Paris Saint-Germain
88%
NetherlandsVirgil van DijkDF Liverpool
88%
EnglandJordan PickfordGK Everton
87%
GermanyManuel NeuerGK Bayern Munich
87%
EnglandJude BellinghamMF Borussia Dortmund
86%
South KoreaKim Jin-suDF Jeonbuk Hyundai Motors
86%
EnglandBukayo SakaFW Arsenal
84%
MexicoHenry MartínFW América
84%
BrazilNeymarFW Paris Saint-Germain
84%
EnglandHarry MaguireDF Manchester United
83%
EnglandJohn StonesDF Manchester City
83%
EnglandMarcus RashfordFW Manchester United
83%
EnglandPhil FodenMF Manchester City
83%
EnglandKyle WalkerDF Manchester City
82%
WalesAdam DaviesGK Sheffield United
81%
CanadaAlphonso DaviesFW Bayern Munich
81%
WalesBen DaviesDF Tottenham Hotspur
81%
EnglandDeclan RiceMF West Ham United
81%
CroatiaLuka ModrićMF Real Madrid
81%
EnglandTrent Alexander-ArnoldDF Liverpool
81%
PortugalCristiano RonaldoFW Manchester United
80%
ArgentinaEmiliano MartínezGK Aston Villa
80%
NetherlandsFrenkie de JongMF Barcelona
80%
EnglandJordan HendersonMF Liverpool
80%
ArgentinaLautaro MartínezFW Internazionale
80%
ArgentinaLisandro MartínezDF Manchester United
80%
BrazilAlissonGK Liverpool
79%
QatarAlmoez AliFW Al-Duhail
79%
Costa RicaCarlos MartínezDF San Carlos
79%
SpainGaviMF Barcelona
79%
BelgiumKevin De BruyneMF Manchester City
79%
NetherlandsLuuk de JongFW PSV Eindhoven
79%
BelgiumThibaut CourtoisGK Real Madrid
79%
EnglandJack GrealishFW Manchester City
78%
FranceKylian MbappéFW Paris Saint-Germain
78%
EnglandRaheem SterlingFW Chelsea
78%
GermanyAntonio RüdigerDF Real Madrid
77%
EnglandLuke ShawDF Manchester United
77%
PolandRobert LewandowskiFW Barcelona
77%
BrazilThiago SilvaDF Chelsea
77%
EnglandAaron RamsdaleGK Arsenal
75%
PortugalBernardo SilvaFW Manchester City
75%
PortugalBruno FernandesMF Manchester United
75%
FranceHugo LlorisGK Tottenham Hotspur
75%
GermanyKai HavertzFW Chelsea
75%
NetherlandsMatthijs de LigtDF Bayern Munich
75%
SpainPedriMF Barcelona
75%
BelgiumRomelu LukakuFW Internazionale
75%
PortugalAndré SilvaFW RB Leipzig
74%
PortugalAntónio SilvaDF Benfica
74%
United StatesChristian PulisicFW Chelsea
74%
WalesGareth BaleFW Los Angeles FC
74%
SpainRodriMF Manchester City
74%
GermanyThomas MüllerMF Bayern Munich
74%
BrazilVinícius JúniorFW Real Madrid
74%
GermanyJoshua KimmichMF Bayern Munich
73%
BelgiumEden HazardFW Real Madrid
72%
BrazilEdersonGK Manchester City
72%
EnglandMason MountMF Chelsea
72%
NetherlandsMemphis DepayFW Barcelona
72%
BelgiumThorgan HazardMF Borussia Dortmund
72%
SenegalBoulaye DiaFW Salernitana
71%
SenegalÉdouard MendyGK Chelsea
71%
EcuadorEnner ValenciaFW Fenerbahçe
71%
BrazilRicharlisonFW Tottenham Hotspur
71%
MoroccoAchraf HakimiDF Paris Saint-Germain
70%
SenegalFormose MendyDF Amiens
70%
ArgentinaJulián ÁlvarezFW Manchester City
70%
BrazilMarquinhosDF Paris Saint-Germain
70%
SenegalNampalys MendyMF Leicester City
70%
South KoreaSon Heung-minMF Tottenham Hotspur
70%
ArgentinaÁngel Di MaríaFW Juventus
69%
BrazilCasemiroMF Manchester United
69%
EnglandKieran TrippierDF Newcastle United
69%
GermanyMarc-André ter StegenGK Barcelona
69%
EnglandNick PopeGK Newcastle United
69%
CroatiaIvan PerišićFW Tottenham Hotspur
68%
NetherlandsNathan AkéDF Manchester City
68%
FranceAntoine GriezmannFW Atlético Madrid
67%
MexicoEdson ÁlvarezDF Ajax
67%
MexicoKevin ÁlvarezDF Pachuca
67%
EnglandBen WhiteDF Arsenal
66%
BrazilGabriel JesusFW Arsenal
66%
GermanyLeroy SanéMF Bayern Munich
66%
DenmarkChristian EriksenMF Manchester United
65%
South KoreaHwang Ui-joFW Olympiacos
65%
South KoreaNa Sang-hoMF FC Seoul
65%
FranceOlivier GiroudFW Milan
65%
South KoreaPaik Seung-hoMF Jeonbuk Hyundai Motors
65%
South KoreaSon Jun-hoMF Shandong Taishan
65%
MoroccoHakim ZiyechMF Chelsea
64%
FranceOusmane DembéléFW Barcelona
64%
SpainUnai SimónGK Athletic Bilbao
64%
Costa RicaAnthony HernándezMF Puntarenas
63%
BrazilGabriel MartinelliFW Arsenal
63%
EnglandJames MaddisonMF Leicester City
63%
FranceLucas HernandezDF Bayern Munich
63%
CroatiaMateo KovačićMF Chelsea
63%
FranceRaphaël VaraneDF Manchester United
63%
FranceTheo HernandezDF Milan
63%
EnglandEric DierDF Tottenham Hotspur
62%
BrazilFabinhoMF Liverpool
62%
GermanyLeon GoretzkaMF Bayern Munich
62%
United StatesLuca de la TorreMF Celta Vigo
62%
UruguayLuis SuárezFW Nacional
62%
SpainPau TorresDF Villarreal
62%
GermanySerge GnabryFW Bayern Munich
62%
ArgentinaCristian RomeroDF Tottenham Hotspur
61%
NetherlandsDenzel DumfriesDF Internazionale
61%
ArgentinaEnzo FernándezMF Benfica
61%
SpainFerran TorresFW Barcelona
61%
Germanyİlkay GündoğanMF Manchester City
61%
SenegalKalidou KoulibalyDF Chelsea
61%
BrazilLucas PaquetáMF West Ham United
61%
SpainRobert SánchezGK Brighton & Hove Albion
61%
SpainSergio BusquetsMF Barcelona
61%
SpainÁlvaro MorataFW Atlético Madrid
60%
EnglandCallum WilsonFW Newcastle United
60%
SpainCésar AzpilicuetaDF Chelsea
60%
FranceKarim BenzemaFW Real Madrid
60%
PortugalRúben DiasDF Manchester City
60%
SwitzerlandYann SommerGK Borussia Mönchengladbach
60%
FranceAurélien TchouaméniMF Real Madrid
59%
UruguayFacundo TorresFW Orlando City SC
59%
EcuadorFélix TorresDF Santos Laguna
59%
BrazilFredMF Manchester United
59%
Costa RicaGerson TorresMF Herediano
59%
WalesHarry WilsonMF Fulham
59%
MexicoJorge SánchezDF Ajax
59%
Costa RicaRoan WilsonMF Municipal Grecia
59%
ArgentinaRodrigo De PaulMF Atlético Madrid
59%
BrazilRodrygoFW Real Madrid
59%
ArgentinaAlexis Mac AllisterMF Brighton & Hove Albion
58%
BrazilAntonyFW Manchester United
58%
SwitzerlandGranit XhakaMF Arsenal
58%
CanadaJonathan DavidFW Lille
58%
EnglandKalvin PhillipsMF Manchester City
58%
FranceBenjamin PavardDF Bayern Munich
57%
NetherlandsCody GakpoFW PSV Eindhoven
57%
FranceEduardo CamavingaMF Real Madrid
57%
NetherlandsStefan de VrijDF Internazionale
57%
BelgiumAmadou OnanaMF Everton
56%
CameroonAndré OnanaGK Internazionale
56%
FranceDayot UpamecanoDF Bayern Munich
56%
GermanyJamal MusialaMF Bayern Munich
56%
SpainKokeMF Atlético Madrid
56%
GermanyNiklas SüleDF Borussia Dortmund
56%
PortugalPepeDF Porto
56%
SpainAymeric LaporteDF Manchester City
55%
GhanaIñaki WilliamsFW Athletic Bilbao
55%
SpainJordi AlbaDF Barcelona
55%
GermanyKevin TrappGK Eintracht Frankfurt
55%
EcuadorMoisés CaicedoMF Brighton & Hove Albion
55%
SpainNico WilliamsFW Athletic Bilbao
55%
ArgentinaPaulo DybalaFW Roma
55%
BrazilÉder MilitãoDF Real Madrid
54%
PortugalJoão FélixFW Atlético Madrid
54%
WalesJonny WilliamsMF Swindon Town
54%
Costa RicaKeylor NavasGK Paris Saint-Germain
54%
WalesNeco WilliamsDF Nottingham Forest
54%
BrazilRaphinhaFW Barcelona
54%
BelgiumYannick CarrascoFW Atlético Madrid
54%
NetherlandsDaley BlindDF Ajax
53%
CroatiaDominik LivakovićGK Dinamo Zagreb
53%
UruguayEdinson CavaniFW Valencia
53%
ArgentinaNicolás OtamendiDF Benfica
53%
CroatiaJoško GvardiolDF RB Leipzig
52%
DenmarkKasper SchmeichelGK Nice
52%
CroatiaMarcelo BrozovićMF Internazionale
52%
IranMehdi TaremiFW Porto
52%
SerbiaSergej Milinković-SavićMF Lazio
52%
SerbiaVanja Milinković-SavićGK Torino
52%
MoroccoYassine BounouGK Sevilla
52%
BelgiumYouri TielemansMF Leicester City
52%
DenmarkAndreas ChristensenDF Barcelona
51%
BrazilDaniloDF Juventus
51%
SwitzerlandEdimilson FernandesDF Mainz 05
51%
SpainMarco AsensioFW Real Madrid
51%
PortugalRui PatrícioGK Roma
51%
EnglandConor GallagherMF Chelsea
50%
SpainDani OlmoFW RB Leipzig
50%
SerbiaDušan VlahovićFW Juventus
50%
MexicoGuillermo OchoaGK América
50%
PortugalJoão CanceloDF Manchester City
50%
FranceJules KoundéDF Barcelona
50%
SwitzerlandManuel AkanjiDF Manchester City
50%
DenmarkOliver ChristensenGK Hertha BSC
50%
PortugalRafael LeãoFW Milan
50%
DenmarkRasmus KristensenDF Leeds United
50%
United StatesWeston McKennieMF Juventus
50%
FranceWilliam SalibaDF Arsenal
50%
FranceIbrahima KonatéDF Liverpool
49%
FranceKingsley ComanFW Bayern Munich
49%
PolandWojciech SzczęsnyGK Juventus
49%
FranceAdrien RabiotMF Juventus
48%
BrazilAlex SandroDF Juventus
48%
PolandArkadiusz MilikFW Juventus
48%
SpainDani CarvajalDF Real Madrid
48%
BrazilBruno GuimarãesMF Newcastle United
47%
BelgiumJan VertonghenDF Anderlecht
47%
PortugalGonçalo RamosFW Benfica
46%
SerbiaAleksandar MitrovićFW Fulham
45%
WalesDaniel JamesFW Fulham
45%
PortugalDiogo DalotDF Manchester United
45%
SpainEric GarcíaDF Barcelona
45%
MexicoHirving LozanoFW Napoli
45%
SenegalIsmaïla SarrFW Watford
45%
SenegalPape Matar SarrMF Tottenham Hotspur
45%
MexicoRaúl JiménezFW Wolverhampton Wanderers
45%
PortugalRúben NevesMF Wolverhampton Wanderers
45%
SerbiaStefan MitrovićDF Getafe
45%
SwitzerlandXherdan ShaqiriMF Chicago Fire FC
45%
WalesAaron RamseyMF Nice
44%
FranceAlphonse AreolaGK West Ham United
44%
SpainAnsu FatiFW Barcelona
44%
BelgiumAxel WitselMF Atlético Madrid
44%
EnglandConor CoadyDF Everton
44%
UruguayDarwin NúñezFW Liverpool
44%
SpainDavid RayaGK Brentford
44%
ArgentinaMarcos AcuñaMF Sevilla
44%
PolandMatty CashDF Aston Villa
44%
GermanyNiclas FüllkrugFW Werder Bremen
44%
ArgentinaPapu GómezMF Sevilla
44%
EcuadorPervis EstupiñánDF Brighton & Hove Albion
44%
MoroccoSofyan AmrabatMF Fiorentina
44%
SerbiaDušan TadićFW Ajax
43%
CameroonEric Maxim Choupo-MotingFW Bayern Munich
43%
United StatesMatt TurnerGK Arsenal
43%
UruguayMaxi GómezFW Trabzonspor
43%
United StatesSergiño DestDF Milan
43%
UruguayFederico ValverdeMF Real Madrid
42%
ArgentinaGuido RodríguezMF Real Betis
42%
BelgiumToby AlderweireldDF Antwerp
42%
MexicoCarlos RodríguezMF Cruz Azul
41%
UruguayJosé Luis RodríguezDF Nacional
41%
EcuadorKevin RodríguezFW Imbabura
41%
ArgentinaNicolás TagliaficoDF Lyon
41%
PolandPiotr ZielińskiMF Napoli
41%
SwitzerlandRicardo RodriguezDF Torino
41%
JapanTakehiro TomiyasuDF Arsenal
41%
United StatesTyler AdamsMF Leeds United
41%
NetherlandsWout WeghorstFW Beşiktaş
41%
ArgentinaLeandro ParedesMF Juventus
40%
FranceMarcus ThuramFW Borussia Mönchengladbach
40%
GermanyMario GötzeMF Eintracht Frankfurt
40%
FranceRandal Kolo MuaniFW Eintracht Frankfurt
40%
GhanaThomas ParteyMF Arsenal
40%
CroatiaAndrej KramarićFW 1899 Hoffenheim
39%
BrazilBremerDF Juventus
39%
PortugalDiogo CostaGK Porto
39%
ArgentinaNahuel MolinaDF Atlético Madrid
39%
MexicoNéstor AraujoDF América
39%
UruguayRonald AraújoDF Barcelona
39%
FranceSteve MandandaGK Rennes
39%
ArgentinaÁngel CorreaFW Atlético Madrid
38%
BrazilDani AlvesDF UNAM
38%
BelgiumDries MertensFW Galatasaray
38%
United StatesGiovanni ReynaFW Borussia Dortmund
38%
ArgentinaGonzalo MontielDF Sevilla
38%
NetherlandsMarten de RoonMF Atalanta
38%
DenmarkSimon KjærDF Milan
38%
GermanyThilo KehrerDF West Ham United
38%
UruguayFernando MusleraGK Galatasaray
37%
SenegalIdrissa GueyeMF Everton
37%
BelgiumLeandro TrossardFW Brighton & Hove Albion
37%
PortugalRaphaël GuerreiroDF Borussia Dortmund
37%
NetherlandsSteven BergwijnFW Ajax
37%
United StatesTimothy WeahFW Lille
37%
SpainAlejandro BaldeDF Barcelona
36%
NetherlandsAndries NoppertGK Heerenveen
36%
SpainCarlos SolerMF Paris Saint-Germain
36%
SenegalPape GueyeMF Marseille
36%
DenmarkPierre-Emile HøjbjergMF Tottenham Hotspur
36%
BelgiumSimon MignoletGK Club Brugge
36%
PortugalVitinhaMF Paris Saint-Germain
36%
SwitzerlandBreel EmboloFW Monaco
35%
UruguayJosé GiménezDF Atlético Madrid
35%
NetherlandsJurriën TimberDF Ajax
35%
MoroccoNoussair MazraouiDF Bayern Munich
35%
BelgiumThomas MeunierMF Borussia Dortmund
35%
NetherlandsTyrell MalaciaDF Manchester United
35%
WalesDanny WardGK Leicester City
34%
CroatiaDejan LovrenDF Zenit Saint Petersburg
34%
JapanKaoru MitomaMF Brighton & Hove Albion
34%
South KoreaKim Min-jaeDF Napoli
34%
SpainMarcos LlorenteMF Atlético Madrid
34%
GermanyNico SchlotterbeckDF Borussia Dortmund
34%
BrazilPedroFW Flamengo
34%
United StatesTim ReamDF Fulham
34%
MoroccoYoussef En-NesyriFW Sevilla
34%
Costa RicaBryan RuizMF Alajuelense
33%
NetherlandsDavy KlaassenMF Ajax
33%
UruguayDiego GodínDF Vélez Sarsfield
33%
CroatiaDomagoj VidaDF AEK Athens
33%
ArgentinaGerónimo RulliGK Villarreal
33%
BelgiumKoen CasteelsGK VfL Wolfsburg
33%
GermanyLukas KlostermannDF RB Leipzig
33%
PortugalNuno MendesDF Paris Saint-Germain
33%
WalesWayne HennesseyGK Nottingham Forest
33%
MexicoHéctor MorenoDF Monterrey
32%
BelgiumMichy BatshuayiFW Fenerbahçe
32%
GhanaAndré AyewFW Al-Sadd
31%
United StatesAntonee RobinsonDF Fulham
31%
JapanDaichi KamadaMF Eintracht Frankfurt
31%
NetherlandsJeremie FrimpongDF Bayer Leverkusen
31%
BelgiumJérémy DokuFW Rennes
31%
GhanaJordan AyewFW Crystal Palace
31%
GermanyJulian BrandtMF Borussia Dortmund
31%
AustraliaMathew RyanGK Copenhagen
31%
EcuadorPiero HincapiéDF Bayer Leverkusen
31%
NetherlandsSteven BerghuisMF Ajax
31%
BelgiumWout FaesDF Leicester City
31%
GermanyYoussoufa MoukokoFW Borussia Dortmund
31%
DenmarkYussuf PoulsenFW RB Leipzig
31%
WalesBrennan JohnsonFW Nottingham Forest
30%
GermanyDavid RaumDF RB Leipzig
30%
ArgentinaExequiel PalaciosMF Bayer Leverkusen
30%
SerbiaFilip KostićMF Juventus
30%
PolandKamil GlikDF Benevento
30%
SpainPablo SarabiaFW Paris Saint-Germain
30%
IranSardar AzmounFW Bayer Leverkusen
30%
United StatesSean JohnsonGK New York City FC
30%
JapanTakefusa KuboMF Real Sociedad
30%
NetherlandsTeun KoopmeinersMF Atalanta
30%
BelgiumTimothy CastagneMF Leicester City
30%
NetherlandsXavi SimonsMF PSV Eindhoven
30%
EcuadorDiego PalaciosDF Los Angeles FC
29%
ArgentinaJuan FoythDF Villarreal
29%
GermanyKarim AdeyemiFW Borussia Dortmund
29%
GhanaMohammed KudusMF Ajax
29%
NetherlandsRemko PasveerGK Ajax
29%
BrazilWevertonGK Palmeiras
29%
AustraliaAaron MooyMF Celtic
28%
QatarAkram AfifFW Al-Sadd
28%
United StatesBrenden AaronsonFW Leeds United
28%
PortugalDanilo PereiraDF Paris Saint-Germain
28%
CameroonVincent AboubakarFW Al-Nassr
28%
GermanyArmel Bella-KotchapDF Southampton
27%
ArgentinaFranco ArmaniGK River Plate
27%
GermanyMatthias GinterDF SC Freiburg
27%
CroatiaMislav OršićFW Dinamo Zagreb
27%
MoroccoNayef AguerdDF West Ham United
27%
UruguayRodrigo BentancurMF Tottenham Hotspur
27%
JapanTakumi MinaminoMF Monaco
27%
BrazilAlex TellesDF Sevilla
26%
WalesKieffer MooreFW Bournemouth
26%
South KoreaKim Moon-hwanDF Jeonbuk Hyundai Motors
26%
South KoreaKim Tae-hwanDF Ulsan Hyundai
26%
JapanWataru EndoMF VfB Stuttgart
26%
WalesChris GunterDF AFC Wimbledon
25%
GermanyChristian GünterDF SC Freiburg
25%
SwitzerlandFabian SchärDF Newcastle United
25%
Costa RicaJoel CampbellFW León
25%
DenmarkKasper DolbergFW Sevilla
25%
NetherlandsNoa LangFW Club Brugge
25%
United StatesShaq MooreDF Nashville SC
25%
NetherlandsVincent JanssenFW Antwerp
25%
FranceYoussouf FofanaMF Monaco
25%
CroatiaBorna SosaDF VfB Stuttgart
24%
DenmarkJoachim AndersenDF Crystal Palace
24%
CroatiaMario PašalićMF Atalanta
24%
JapanMaya YoshidaDF Schalke 04
24%
Saudi ArabiaNasser Al-DawsariMF Al-Hilal
24%
Saudi ArabiaSalem Al-DawsariFW Al-Hilal
24%
UruguaySebastián SosaGK Independiente
24%
SwitzerlandDenis ZakariaMF Chelsea
23%
SwitzerlandGregor KobelGK Borussia Dortmund
23%
PortugalJoão PalhinhaMF Fulham
23%
BelgiumLeander DendonckerDF Aston Villa
23%
DenmarkMikkel DamsgaardMF Brentford
23%
JapanTakuma AsanoFW VfL Bochum
23%
MexicoHéctor HerreraMF Houston Dynamo FC
22%
United StatesJosh SargentFW Norwich City
22%
CroatiaJosip StanišićDF Bayern Munich
22%
FranceMatteo GuendouziMF Marseille
22%
DenmarkThomas DelaneyMF Sevilla
22%
TunisiaWahbi KhazriFW Montpellier
22%
PortugalWilliam CarvalhoMF Real Betis
22%
WalesMatthew SmithMF Milton Keynes Dons
21%
SenegalNicolas JacksonFW Villarreal
21%
JapanRitsu DōanMF SC Freiburg
21%
United StatesWalker ZimmermanDF Nashville SC
21%
CanadaAtiba HutchinsonMF Beşiktaş
20%
FranceAxel DisasiDF Monaco
20%
CroatiaBruno PetkovićFW Dinamo Zagreb
20%
ArgentinaGermán PezzellaDF Real Betis
20%
PolandJan BednarekDF Aston Villa
20%
NetherlandsJustin BijlowGK Feyenoord
20%
MoroccoSofiane BoufalMF Angers
20%
ArgentinaThiago AlmadaMF Atlanta United FC
20%
SenegalAbdou DialloDF RB Leipzig
19%
MexicoAndrés GuardadoMF Real Betis
19%
BelgiumCharles De KetelaereFW Milan
19%
WalesConnor RobertsDF Burnley
19%
JapanHiroki ItoDF VfB Stuttgart
19%
QatarIsmaeel MohammadDF Al-Duhail
19%
GermanyJonas HofmannMF Borussia Mönchengladbach
19%
JapanJunya ItoMF Reims
19%
DenmarkMartin BraithwaiteFW Espanyol
19%
SerbiaNikola MilenkovićDF Fiorentina
19%
MoroccoRomain SaïssDF Beşiktaş
19%
CanadaTajon BuchananFW Club Brugge
19%
United StatesYunus MusahMF Valencia
19%
SenegalCheikhou KouyatéDF Nottingham Forest
18%
UruguayFacundo PellistriFW Manchester United
18%
CroatiaLovro MajerMF Rennes
18%
PortugalMatheus NunesMF Wolverhampton Wanderers
18%
DenmarkMathias JensenMF Brentford
18%
CameroonAndré-Frank Zambo AnguissaMF Napoli
17%
United StatesDeAndre YedlinDF Inter Miami CF
17%
WalesJoe AllenMF Swansea City
17%
WalesJoe RodonDF Rennes
17%
NetherlandsKenneth TaylorMF Ajax
17%
South KoreaLee Kang-inMF Mallorca
17%
SerbiaLuka JovićFW Fiorentina
17%
CroatiaMarko LivajaFW Hajduk Split
17%
SwitzerlandNico ElvediDF Borussia Mönchengladbach
17%
CroatiaNikola VlašićMF Torino
17%
SwitzerlandRemo FreulerMF Nottingham Forest
17%
SerbiaStrahinja PavlovićDF Red Bull Salzburg
17%
DenmarkChristian NørgaardMF Brentford
16%
JapanDaizen MaedaFW Celtic
16%
JapanEiji KawashimaGK Strasbourg
16%
WalesEthan AmpaduDF Spezia
16%
UruguayGiorgian de ArrascaetaMF Flamengo
16%
AustraliaMathew LeckieFW Melbourne City
16%
SenegalBamba DiengFW Marseille
15%
PolandGrzegorz KrychowiakMF Al-Shabab
15%
SwitzerlandHaris SeferovicFW Galatasaray
15%
FranceJordan VeretoutMF Marseille
15%
CroatiaJosip JuranovićDF Celtic
15%
QatarMohammed MuntariFW Al-Duhail
15%
AustraliaBailey WrightDF Sunderland
14%
CroatiaBorna BarišićDF Rangers
14%
United StatesHaji WrightFW Antalyaspor
14%
BelgiumHans VanakenMF Club Brugge
14%
DenmarkJoakim MæhleDF Atalanta
14%
PortugalJoão MárioMF Benfica
14%
SerbiaNemanja GudeljMF Sevilla
14%
SenegalSeny DiengGK Queens Park Rangers
14%
GhanaTariq LampteyDF Brighton & Hove Albion
14%
DenmarkAndreas Skov OlsenMF Club Brugge
13%
CameroonBryan MbeumoFW Brentford
13%
United StatesCameron Carter-VickersDF Celtic
13%
WalesChris MephamDF Bournemouth
13%
AustraliaCraig GoodwinFW Adelaide United
13%
SwitzerlandDjibril SowMF Eintracht Frankfurt
13%
Costa RicaDouglas LópezMF Herediano
13%
SenegalFodé Ballo-TouréDF Milan
13%
QatarHassan Al-HaydosMF Al-Sadd
13%
EcuadorHernán GalíndezGK Aucas
13%
CroatiaIvo GrbićGK Atlético Madrid
13%
AustraliaJackson IrvineMF FC St. Pauli
13%
CameroonKarl Toko EkambiFW Lyon
13%
JapanKo ItakuraDF Borussia Mönchengladbach
13%
PolandKrzysztof PiątekFW Salernitana
13%
BelgiumLoïs OpendaFW Lens
13%
CanadaMilan BorjanGK Red Star Belgrade
13%
AustraliaMitchell DukeFW Fagiano Okayama
13%
PortugalOtávioMF Porto
13%
SenegalPathé CissMF Rayo Vallecano
13%
DenmarkRobert SkovMF 1899 Hoffenheim
13%
SenegalAlfred GomisGK Rennes
12%
Saudi ArabiaAli Al-HassanMF Al-Nassr
12%
IranAlireza JahanbakhshMF Feyenoord
12%
DenmarkAndreas CorneliusFW Copenhagen
12%
BelgiumArthur TheateDF Rennes
12%
MoroccoAzzedine OunahiMF Angers
12%
PolandDamian SzymańskiMF AEK Athens
12%
CanadaDerek CorneliusDF Panetolikos
12%
QatarHomam AhmedDF Al-Gharafa
12%
DenmarkJonas WindFW VfL Wolfsburg
12%
SerbiaMarko DmitrovićGK Sevilla
12%
SenegalPape Abou CisséDF Olympiacos
12%
QatarSaad Al-SheebGK Al-Sadd
12%
IranSaman GhoddosMF Brentford
12%
PolandSebastian SzymańskiMF Feyenoord
12%
SpainYeremy PinoFW Villarreal
12%
QatarAbdelkarim HassanMF Al-Sadd
11%
MexicoAlexis VegaFW Guadalajara
11%
CroatiaAnte BudimirFW Osasuna
11%
CanadaCyle LarinFW Club Brugge
11%
GhanaDaniel AmarteyDF Leicester City
11%
MexicoÉrick GutiérrezMF PSV Eindhoven
11%
BrazilÉverton RibeiroMF Flamengo
11%
EcuadorGonzalo PlataMF Valladolid
11%
AustraliaHarry SouttarDF Stoke City
11%
JapanHiroki SakaiDF Urawa Red Diamonds
11%
EcuadorJeremy SarmientoMF Brighton & Hove Albion
11%
United StatesJoe ScallyDF Borussia Mönchengladbach
11%
Costa RicaJuan Pablo VargasDF Millonarios
11%
SenegalKrépin DiattaMF Monaco
11%
CroatiaKristijan JakićMF Eintracht Frankfurt
11%
TunisiaMouez HassenGK Club Africain
11%
PolandNicola ZalewskiMF Roma
11%
MexicoRogelio Funes MoriFW Monterrey
11%
SwitzerlandRuben VargasFW FC Augsburg
11%
SwitzerlandSilvan WidmerDF Mainz 05
11%
QatarYousef HassanGK Al-Gharafa
11%
DenmarkDaniel WassDF Brøndby
10%
South KoreaHwang Hee-chanMF Wolverhampton Wanderers
10%
SenegalIliman NdiayeFW Sheffield United
10%
DenmarkJesper LindstrømMF Eintracht Frankfurt
10%
United StatesJesús FerreiraFW FC Dallas
10%
UruguayLucas TorreiraMF Galatasaray
10%
UruguayMatías VecinoMF Lazio
10%
PortugalRicardo HortaFW Braga
10%
MoroccoYahia Attiyat AllahDF Wydad AC
10%
QatarBoualem KhoukhiDF Al-Sadd
9%
DenmarkFrederik RønnowGK Union Berlin
9%
PolandJakub KiwiorDF Spezia
9%
CameroonJean-Charles CastellettoDF Nantes
9%
CroatiaJosip ŠutaloDF Dinamo Zagreb
9%
PolandKamil GrosickiMF Pogoń Szczecin
9%
MexicoLuis ChávezMF Pachuca
9%
CroatiaLuka SučićMF Red Bull Salzburg
9%
GhanaMohammed SalisuDF Southampton
9%
UruguayNicolás de la CruzMF River Plate
9%
SwitzerlandNoah OkaforFW Red Bull Salzburg
9%
PolandPrzemysław FrankowskiMF Lens
9%
EcuadorRomario IbarraMF Pachuca
9%
AustraliaAjdin HrusticMF Hellas Verona
8%
DenmarkAlexander BahDF Benfica
8%
EcuadorÁngelo PreciadoDF Genk
8%
EcuadorAyrton PreciadoMF Santos Laguna
8%
QatarBassam Al-RawiDF Al-Duhail
8%
AustraliaGarang KuolFW Central Coast Mariners
8%
SpainHugo GuillamónDF Valencia
8%
SerbiaIvan IlićMF Hellas Verona
8%
CanadaKamal MillerDF CF Montréal
8%
CroatiaMartin ErlićDF Sassuolo
8%
UruguayMathías OliveraDF Napoli
8%
QatarMeshaal BarshamGK Al-Sadd
8%
SwitzerlandRenato SteffenDF Lugano
8%
Saudi ArabiaSaleh Al-ShehriFW Al-Hilal
8%
SerbiaSaša LukićMF Torino
8%
EcuadorSebas MéndezMF Los Angeles FC
8%
UruguaySebastián CoatesDF Sporting CP
8%
UruguaySergio RochetGK Nacional
8%
WalesSorba ThomasMF Huddersfield Town
8%
CanadaStephen EustáquioMF Porto
8%
SenegalYoussouf SabalyDF Real Betis
8%
MoroccoZakaria AboukhlalMF Toulouse
8%
United StatesAaron LongDF New York Red Bulls
7%
QatarAbdulaziz HatemMF Al-Rayyan
7%
MoroccoAchraf DariDF Brest
7%
EcuadorAlexander DomínguezGK LDU Quito
7%
SerbiaAndrija ŽivkovićMF PAOK
7%
Costa RicaBryan OviedoDF Real Salt Lake
7%
TunisiaEllyes SkhiriMF 1. FC Köln
7%
United StatesEthan HorvathGK Luton Town
7%
SwitzerlandFabian FreiMF Basel
7%
TunisiaHannibal MejbriMF Birmingham City
7%
SenegalIsmail JakobsDF Monaco
7%
PolandJakub KamińskiMF VfL Wolfsburg
7%
MexicoJohan VásquezDF Cremonese
7%
United StatesJordan MorrisFW Seattle Sounders FC
7%
United StatesKellyn AcostaMF Los Angeles FC
7%
PolandŁukasz SkorupskiGK Bologna
7%
UruguayManuel UgarteMF Sporting CP
7%
SerbiaMarko GrujićMF Porto
7%
AustraliaMiloš DegenekDF Columbus Crew
7%
SerbiaMiloš VeljkovićDF Werder Bremen
7%
SerbiaNemanja MaksimovićMF Getafe
7%
SerbiaPredrag RajkovićGK Mallorca
7%
MoroccoSelim AmallahMF Standard Liège
7%
JapanShūichi GondaGK Shimizu S-Pulse
7%
Costa RicaYeltsin TejedaMF Herediano
7%
JapanYuto NagatomoDF FC Tokyo
7%
BelgiumZeno DebastDF Anderlecht
7%
MoroccoAbde EzzalzouliFW Osasuna
6%
MoroccoAbdelhamid SabiriFW Sampdoria
6%
MoroccoAbderrazak HamdallahFW Al-Ittihad
6%
CanadaAlistair JohnstonDF CF Montréal
6%
JapanAo TanakaMF Fortuna Düsseldorf
6%
AustraliaAziz BehichDF Dundee United
6%
PolandBartosz BereszyńskiDF Sampdoria
6%
CameroonCollins FaiDF Al-Tai
6%
JapanHidemasa MoritaMF Sporting CP
6%
MoroccoIlias ChairMF Queens Park Rangers
6%
DenmarkJens Stryger LarsenDF Trabzonspor
6%
South KoreaJo Hyeon-wooGK Ulsan Hyundai
6%
SwitzerlandJonas OmlinGK Montpellier
6%
South KoreaJung Woo-youngMF Al-Sadd
6%
PolandKamil GrabaraGK Copenhagen
6%
PolandKarol ŚwiderskiFW Charlotte FC
6%
PolandKrystian BielikMF Birmingham City
6%
GhanaLawrence Ati-ZigiGK St. Gallen
6%
UruguayMartín CáceresDF LA Galaxy
6%
UruguayMatías ViñaDF Roma
6%
EcuadorMichael EstradaFW Cruz Azul
6%
EcuadorMoisés RamírezGK Independiente del Valle
6%
SerbiaNemanja RadonjićFW Torino
6%
PolandRobert GumnyDF FC Augsburg
6%
CameroonSimon NgapandouetnbuGK Marseille
6%
QatarTarek SalmanDF Al-Sadd
6%
DenmarkVictor NelssonDF Galatasaray
6%
MoroccoWalid CheddiraFW Bari
6%
TunisiaYoussef MsakniFW Al-Arabi
6%
TunisiaAïssa LaïdouniMF Ferencváros
5%
AustraliaAwer MabilFW Cádiz
5%
EcuadorCarlos GruezoMF FC Augsburg
5%
MexicoCésar MontesDF Monterrey
5%
United StatesCristian RoldanMF Seattle Sounders FC
5%
JapanDaniel SchmidtGK Sint-Truiden
5%
CanadaDayne St. ClairGK Minnesota United FC
5%
SerbiaFilip MladenovićDF Legia Warsaw
5%
CanadaIsmaël KonéMF CF Montréal
5%
CroatiaIvica IvušićGK Osijek
5%
AustraliaJamie MaclarenFW Melbourne City
5%
AustraliaJason CummingsFW Central Coast Mariners
5%
MoroccoJawad El YamiqDF Valladolid
5%
CanadaJonathan OsorioMF Toronto FC
5%
GhanaJoseph AidooDF Celta Vigo
5%
CanadaJunior HoilettMF Reading
5%
IranKarim AnsarifardFW Omonia
5%
South KoreaLee Jae-sungMF Mainz 05
5%
IranMilad MohammadiDF AEK Athens
5%
Saudi ArabiaMohamed KannoMF Al-Hilal
5%
SenegalMoustapha NameDF Pafos
5%
Costa RicaÓscar DuarteDF Al-Wehda
5%
SwitzerlandPhilipp KöhnGK Red Bull Salzburg
5%
TunisiaSeifeddine JaziriFW Zamalek
5%
CanadaSteven VitóriaDF Chaves
5%
PolandSzymon ŻurkowskiMF Fiorentina
5%
EcuadorAlan FrancoMF Talleres
4%
GhanaAlexander DjikuDF Strasbourg
4%
IranAli GholizadehMF Charleroi
4%
MoroccoAnass ZarouryMF Burnley
4%
AustraliaAndrew RedmayneGK Sydney FC
4%
EcuadorÁngel MenaMF León
4%
PolandArtur JędrzejczykDF Legia Warsaw
4%
South KoreaCho Gue-sungFW Jeonbuk Hyundai Motors
4%
SwitzerlandChristian FassnachtMF Young Boys
4%
AustraliaDanny VukovicGK Central Coast Mariners
4%
GhanaDenis OdoiDF Club Brugge
4%
IranEhsan HajsafiDF AEK Athens
4%
SwitzerlandEray CömertDF Valencia
4%
SenegalFamara DiédhiouFW Alanyaspor
4%
AustraliaFran KaračićDF Brescia
4%
JapanGaku ShibasakiMF Leganés
4%
IranHossein HosseiniGK Esteghlal
4%
AustraliaJoel KingDF OB
4%
EcuadorJosé CifuentesMF Los Angeles FC
4%
QatarKarim BoudiafMF Al-Duhail
4%
AustraliaKeanu BaccusMF St Mirren
4%
Costa RicaKendall WastonDF Saprissa
4%
Costa RicaKeysher FullerDF Herediano
4%
AustraliaKye RowlesDF Heart of Midlothian
4%
IranMajid HosseiniDF Kayserispor
4%
WalesMark HarrisFW Cardiff City
4%
Saudi ArabiaMohammed Al-OwaisGK Al-Hilal
4%
AustraliaNathaniel AtkinsonDF Heart of Midlothian
4%
CameroonNicolas NkoulouDF Aris
4%
IranSadegh MoharramiDF Dinamo Zagreb
4%
Saudi ArabiaSalman Al-FarajMF Al-Hilal
4%
AustraliaThomas DengDF Albirex Niigata
4%
WalesTom LockyerDF Luton Town
4%
Saudi ArabiaYasser Al-ShahraniDF Al-Hilal
4%
Saudi ArabiaAbdulellah Al-MalkiMF Al-Hilal
3%
Saudi ArabiaAbdullah MaduDF Al-Nassr
3%
Saudi ArabiaAli Al-BulaihiDF Al-Hilal
3%
IranAlireza BeiranvandGK Persepolis
3%
QatarAssim MadiboMF Al-Duhail
3%
TunisiaBechir Ben SaïdGK US Monastir
3%
WalesBen CabangoDF Swansea City
3%
Costa RicaCelso BorgesMF Alajuelense
3%
GhanaDaniel-Kofi KyerehMF SC Freiburg
3%
SerbiaDarko LazovićMF Hellas Verona
3%
TunisiaDylan BronnDF Salernitana
3%
Saudi ArabiaFiras Al-BuraikanFW Al-Fateh
3%
MexicoGerardo ArteagaDF Genk
3%
UruguayGuillermo VarelaDF Flamengo
3%
Saudi ArabiaHassan Al-TambaktiDF Al-Shabab
3%
CanadaIké UgboFW Troyes
3%
TunisiaIssam JebaliFW OB
3%
EcuadorJackson PorozoDF Troyes
3%
South KoreaJeong Woo-yeongMF SC Freiburg
3%
Costa RicaJewison BennetteMF Sunderland
3%
WalesJoe MorrellMF Portsmouth
3%
South KoreaKwon Kyung-wonDF Gamba Osaka
3%
AustraliaMartin BoyleFW Hibernian
3%
PolandMateusz WieteskaDF Clermont
3%
PolandMichał SkóraśMF Lech Poznań
3%
SwitzerlandMichel AebischerMF Bologna
3%
TunisiaMohamed DrägerDF Luzern
3%
TunisiaMontassar TalbiDF Lorient
3%
Saudi ArabiaNawaf Al-AbedMF Al-Shabab
3%
MexicoOrbelín PinedaFW AEK Athens
3%
CameroonPierre KundeMF Olympiacos
3%
CanadaRichie LaryeaDF Toronto FC
3%
AustraliaRiley McGreeMF Middlesbrough
3%
EcuadorRobert ArboledaDF São Paulo
3%
IranRouzbeh CheshmiDF Esteghlal
3%
IranSaeid EzatolahiMF Vejle
3%
CanadaSam AdekugbeDF Hatayspor
3%
Saudi ArabiaSaud AbdulhamidDF Al-Hilal
3%
South KoreaSong Bum-keunGK Jeonbuk Hyundai Motors
3%
SerbiaSrđan BabićDF Almería
3%
MexicoUriel AntunaFW Cruz Azul
3%
Saudi ArabiaAbdulelah Al-AmriDF Al-Nassr
2%
Saudi ArabiaAbdullah OtayfMF Al-Hilal
2%
MexicoAlfredo TalaveraGK Juárez
2%
TunisiaAli AbdiDF Caen
2%
IranAli KarimiMF Kayserispor
2%
IranAmir AbedzadehGK Ponferradina
2%
JapanAyase UedaFW Cercle Brugge
2%
TunisiaAymen DahmenGK CS Sfaxien
2%
GhanaBaba RahmanDF Reading
2%
MoroccoBadr BenounDF Qatar SC
2%
MoroccoBilal El KhannousMF Genk
2%
AustraliaCameron DevlinMF Heart of Midlothian
2%
CameroonChristopher WoohDF Rennes
2%
CameroonDevis EpassyGK Abha
2%
EcuadorDjorkaeff ReascoFW Newell's Old Boys
2%
Costa RicaEsteban AlvaradoGK Herediano
2%
SwitzerlandFabian RiederMF Young Boys
2%
TunisiaFerjani SassiMF Al-Duhail
2%
SerbiaFilip ĐuričićFW Sampdoria
2%
Saudi ArabiaHattan BahebriFW Al-Shabab
2%
IranHossein KanaanizadeganDF Al-Ahli Doha
2%
CanadaJames PantemisGK CF Montréal
2%
QatarJassem GaberMF Al-Arabi
2%
CameroonJean-Pierre NsameFW Young Boys
2%
MexicoJesús GallardoDF Monterrey
2%
Costa RicaJohan VenegasFW Alajuelense
2%
GhanaKamaldeen SulemanaMF Rennes
2%
South KoreaKim Seung-gyuGK Al-Shabab
2%
CanadaLiam FraserMF Deinze
2%
CanadaLiam MillarMF Basel
2%
CanadaLucas CavalliniFW Vancouver Whitecaps FC
2%
SenegalMamadou LoumMF Reading
2%
Saudi ArabiaMohammed Al-BreikDF Al-Hilal
2%
Saudi ArabiaMohammed Al-RubaieGK Al-Ahli
2%
QatarMohammed WaadDF Al-Sadd
2%
IranMorteza PouraliganjiDF Persepolis
2%
MoroccoMunir MohamediGK Al-Wehda
2%
TunisiaNaïm SlitiFW Al-Ettifaq
2%
Saudi ArabiaNawaf Al-AqidiGK Al-Nassr
2%
CameroonOlivier NtchamMF Swansea City
2%
GhanaOsman BukariMF Red Star Belgrade
2%
IranPayam NiazmandGK Sepahan
2%
MexicoRoberto AlvaradoFW Guadalajara
2%
MexicoRodolfo CotaGK León
2%
WalesRubin ColwillMF Cardiff City
2%
QatarSalem Al-HajriMF Al-Sadd
2%
Saudi ArabiaSami Al-NajeiMF Al-Nassr
2%
SerbiaStrahinja ErakovićDF Red Star Belgrade
2%
Saudi ArabiaSultan Al-GhannamDF Al-Nassr
2%
SerbiaUroš RačićMF Braga
2%
IranVahid AmiriMF Persepolis
2%
EcuadorWilliam PachoDF Antwerp
2%
EcuadorXavier ArreagaDF Seattle Sounders FC
2%
MoroccoYahya JabraneMF Wydad AC
2%
GhanaAbdul Fatawu IssahakuMF Sporting CP
1%
Saudi ArabiaAbdulrahman Al-AboudFW Al-Ittihad
1%
IranAbolfazl JalaliDF Esteghlal
1%
UruguayAgustín CanobbioMF Athletico Paranaense
1%
IranAhmad NourollahiMF Shabab Al-Ahli
1%
QatarAhmed AlaaeldinFW Al-Gharafa
1%
MoroccoAhmed Reda TagnaoutiGK Wydad AC
1%
QatarAli AssadallaMF Al-Sadd
1%
TunisiaAli MaâloulDF Al Ahly
1%
Costa RicaÁlvaro ZamoraMF Saprissa
1%
TunisiaAnis Ben SlimaneFW Brøndby
1%
Costa RicaAnthony ContrerasFW Herediano
1%
GhanaAntoine SemenyoFW Bristol City
1%
SwitzerlandArdon JashariMF Luzern
1%
TunisiaBilel IfaDF Kuwait SC
1%
Costa RicaBrandon AguileraMF Guanacasteca
1%
CanadaDavid WotherspoonMF St Johnstone
1%
WalesDylan LevittMF Dundee United
1%
CameroonEnzo EbosseDF Udinese
1%
Costa RicaFrancisco CalvoDF Konyaspor
1%
CameroonGeorges-Kévin NkoudouMF Beşiktaş
1%
TunisiaGhailene ChaalaliMF Espérance de Tunis
1%
GhanaGideon MensahDF Auxerre
1%
Saudi ArabiaHaitham AsiriFW Al-Ahli
1%
South KoreaHong ChulDF Daegu FC
1%
South KoreaHwang In-beomMF Olympiacos
1%
CanadaJoel WatermanDF CF Montréal
1%
GhanaKamal SowahMF Club Brugge
1%
QatarKhalid MuneerFW Al-Wakrah
1%
South KoreaKim Young-gwonDF Ulsan Hyundai
1%
MexicoLuis RomoMF Monterrey
1%
CanadaMark-Anthony KayeMF Toronto FC
1%
CameroonMartin HonglaMF Hellas Verona
1%
IranMehdi TorabiMF Persepolis
1%
JapanMiki YamaneDF Kawasaki Frontale
1%
TunisiaMohamed Ali Ben RomdhaneMF Espérance de Tunis
1%
QatarMostafa MeshaalMF Al-Sadd
1%
CameroonMoumi NgamaleuFW Dynamo Moscow
1%
QatarMusab KhederDF Al-Sadd
1%
QatarNaif Al-HadhramiMF Al-Rayyan
1%
CameroonNouhou ToloDF Seattle Sounders FC
1%
IranRamin RezaeianDF Sepahan
1%
Saudi ArabiaRiyadh SharahiliMF Abha
1%
Costa RicaRónald MatarritaDF FC Cincinnati
1%
GhanaSalis Abdul SamedMF Lens
1%
CanadaSamuel PietteMF CF Montréal
1%
JapanShogo TaniguchiDF Kawasaki Frontale
1%
IranShojae KhalilzadehDF Al-Ahli Doha
1%
South KoreaSong Min-kyuMF Jeonbuk Hyundai Motors
1%
TunisiaTaha Yassine KhenissiFW Kuwait SC
1%
TunisiaWajdi KechridaDF Atromitos
1%
South KoreaYoon Jong-gyuDF FC Seoul
1%
Costa RicaYoustin SalasMF Saprissa
1%
JapanYuki SomaMF Nagoya Grampus
1%
GhanaAbdul Manaf NurudeenGK Eupen
0%
GhanaAlidu SeiduDF Clermont
0%
TunisiaAymen MathlouthiGK Étoile du Sahel
0%
CameroonChristian BassogogFW Shanghai Shenhua
0%
GhanaDaniel AfriyieMF Hearts of Oak
0%
Costa RicaDaniel ChacónMF Cartaginés
0%
GhanaElisha OwusuMF Gent
0%
CameroonGaël OndouaMF Hannover 96
0%
GhanaIbrahim DanladGK Asante Kotoko
0%
CameroonJerome Ngom MbekeliDF Colombe Sportive
0%
South KoreaKwon Chang-hoonMF Gimcheon Sangmu
0%
TunisiaNader GhandriMF Club Africain
0%
CameroonOlivier MbaizoDF Philadelphia Union
0%
Costa RicaPatrick SequeiraGK Lugo
0%
CameroonSamuel GouetMF Mechelen
0%
JapanShuto MachinoFW Shonan Bellmare
0%
CameroonSouaibou MarouMF Coton Sport
0%
TunisiaYassine MeriahDF Espérance de Tunis
0%

Score Distribution

Percentile by Number Answered

Percent of People with Each Score

Your Score History

You have not taken this quiz